Художньо-філософські шукання в романістиці Емми Андієвської (Запис № 460826)

МАРК-запис
000 -Лідер
fixed length control field 03138nam a22002657a 4500
001 - Контрольний номер
control field 216218906
003 - Ідентифікатор контрольного номера
control field UA-OsUOA
005 - Дата та час останнього входження (трансакції)
control field 20210103162603.0
008 - Елементи даних фіксованої довжини – загальна інформація
fixed length control field 200722b un ||||| m||| 00| 0 ukr d
040 ## - Джерело каталогізації
Агенція оригінальної каталогізації UA-OsUOA
Мова каталогізації ukr
Агенція, яка здійснювала перезапис UA-OsUOA
Агенція, яка здійснювала модифікацію UA-OsUOA
041 ## - Код мови
Код мови тексту/ звукової доріжки чи окремого заголовка (П) ukr
080 ## - Індекс Універсальної десяткової класифікації
Індекс Універсальної десяткової класифікації (УДК) (НП) 821.161.2.09."19"
090 ## - Локальний шифр розміщення
Класифікаційний індекс УДК 821.161.2.09."19"
095 ## - Код спеціальності для авторефератів
Код спеціальності 10.01.01
Назва спеціальності українська література
100 ## - Основне введення – ім’я особи
Ім’я особи (НП) Смерек О. С.
245 ## - Відомості про назву
Назва (НП) Художньо-філософські шукання в романістиці Емми Андієвської
Дані про відповідальність (НП) Смерек Оксана Степанівна ; наук. керівник Нахлік Євген Казимирович
260 ## - Публікація, розповсюдження і т.п. (Вихідні дані)
Місце публікації, розповсюдження і т.п. (П) Львів
Дата публікації, розповсюдження і т.п. (П) 2004
300 ## - Фізичний опис
Обсяг 20 с.
502 ## - Примітка про дисертацію
Зв'язок Автореферат дисертації на здобуття наукового ступеня кандидата філологічних наук<br/>
Наймення інституції, що представляється Львівський національний університет імені Івана Франка
Рік отримання вченого ступеня 2004
520 ## - Резюме і т.п.
Резюме, реферат, анотація, тощо (НП) У дисертації здійснено комплексний ідейно-тематичний аналіз романістики Емми Андієвської з погляду міфоцентризму та романної умовності (“Герострати”, “Роман про добру людину”, “Роман про людське призначення”). Актуальність пропонованої теми зумовлена необхідністю розкрити природу творчого феномену письменниці в найбільш цікавих іпостасях її таланту. За допомогою архетипного і текстуально-аналітичного методів дослідження осмислено особливості міфоцентричного світу авторки, окреслено риси індивідуального авторського міфу, здійснено поділ міфологічних мотивів за кількома критеріями. Проаналізовано специфіку романної умовності й формально-змістові засоби її вираження, розкрито філософський зміст романів, екзистенційну проблематику, визначено роль біблійної топіки; осмислено ігровий характер романів, з’ясовано роль гри й іронії в розбудові художньої дійсності. Відзначено прикметні особливості сюрреалістичного письма Андієвської, охарактеризовано оніричну поетику, її види.
650 ## - Додаткове предметне введення – тематичний термін
Джерело заголовка чи терміна UDC
Тематичний термін чи географічна назва, як елемент введення (НП) 821.161.2 Українська література
942 ## - Додаткові елементи входу (Коха)
Source of classification or shelving scheme Universal Decimal Classification
Тип елемента Koha Автореферат
955 ## - Код типу видання за змістом
Код типу видання за змістом (НП) Наукові видання

Немає доступних примірників.